| 000 | 01500nam a22003017a 4500 | ||
|---|---|---|---|
| 999 |
_c21670 _d21670 |
||
| 003 | AR-CdUCM | ||
| 008 | 190311b ||||| |||| 00| 0 spa d | ||
| 040 |
_aMUNICIPALIDAD PROVINCIAL DEL CUSCO _cBIBLIOTECA MUNICIPAL DEL CUSCO |
||
| 082 |
_a338.098/S19 _bS19 |
||
| 100 |
_aSamanez Argumedo, Roberto _95654 |
||
| 245 |
_aCusco tradición y modernidad : _bla industrialización, el comercio y sus protagonistas / _cRoberto Samanez Argumendo, Elizabeth Kuon Arce |
||
| 260 |
_aCusco : _bCaja Municipal de Ahorro y Crédito Cusco, _c2018. |
||
| 300 |
_a149, [8] páginas. : _bilustraciones., mapas, retratos. ; _c26 x 31 cm. |
||
| 500 | _zBibliografía: p. [150-153] | ||
| 505 | _aContenido: Cusco en la transición de la colonia a la república -- La región del Cusco del siglo XIX al siglo XX -- La Hegemonía de los hacendados -- Etapa de la industrialización en Cusco -- otros pequeñas industrias -- La mirada turística hacia el Cusco -- El Comercio en la época colonial y la etapa republicana -- Visión de los intelectuales cusqueños en el siglo XX. | ||
| 650 |
_aIndustrialización _91455 |
||
| 650 |
_aTurismo _945742 |
||
| 650 |
_aEmpresarios _945693 |
||
| 650 |
_aHistoria _945743 |
||
| 650 |
_aFabricas textiles _945744 |
||
| 650 |
_aHaciendas Cusco _945745 |
||
| 650 |
_aCondiciones económicas _945746 |
||
| 650 |
_aCusco _9772 |
||
| 700 |
_aKuon Arce, Elizabeth _931102 |
||
| 710 |
_aCaja Municipal de Ahorro y Crédito Cusco _945737 |
||
| 942 |
_2ddc _cLIBROS |
||
| 945 | _arac | ||